National League Playoff Finalists - Statistics

General Stats
  • This quiz has been taken 11 times
  • The average score is 31 of 46
Answer Stats
Hint Answer % Correct
2023/24 Bromley
90%
2024/25 Oldham Athletic
90%
2017/18 Tranmere Rovers
90%
2016/17 Tranmere Rovers
90%
2010/11 AFC Wimbledon
80%
2013/14 Cambridge United
80%
2007/08 Cambridge United
80%
2008/09 Cambridge United
80%
2022/23 Chesterfield
80%
2007/08 Exeter City
80%
2006/07 Exeter City
80%
2015/16 Grimsby Town
80%
2021/22 Grimsby Town
80%
2014/15 Grimsby Town
80%
2020/21 Hartlepool United
80%
2022/23 Notts County
80%
2019/20 Notts County
80%
2024/25 Southend United
80%
2003/04 Aldershot Town
70%
2017/18 Boreham Wood
70%
2014/15 Bristol Rovers
70%
2016/17 Forest Green Rovers
70%
2015/16 Forest Green Rovers
70%
2019/20 Harrogate Town
70%
2010/11 Luton Town
70%
2011/12 Luton Town
70%
2012/13 Newport County
70%
2009/10 Oxford United
70%
2012/13 Wrexham
70%
2018/19 AFC Fylde
60%
2021/22 Solihull Moors
60%
2023/24 Solihull Moors
60%
2004/05 Stevenage
60%
2011/12 York City
60%
2009/10 York City
60%
2004/05 Carlisle United
50%
2013/14 Gateshead
50%
2005/06 Halifax Town
50%
2006/07 Morecambe
50%
2018/19 Salford City
50%
2008/09 Torquay United
50%
2020/21 Torquay United
50%
2002/03 Dagenham & Redbridge
40%
2002/03 Doncaster Rovers
40%
2003/04 Shrewsbury Town
30%
2005/06 Hereford United
20%
No matching quizzes found
Score Distribution
Percent of People with Each Score
Percentile by Number Answered
Your Score History
You have not taken this quiz